[Event "Chess24 Legends of Chess"]
[Site "Online"]
[Date "2020.07.17"]
[Round "1.1"]
[White "Kramnik, Vladimir"]
[Black "Nepomniachtchi, Ian"]
[Result "1/2-1/2"]
[WhiteElo "2756"]
[BlackElo "2778"]
[Annotator "TA"]
[PlyCount "195"]
[EventDate "2020.07.21"]
[EventType "tourn"]
[SourceTitle "playchess.com"]
[Source "ChessBase"]
[SourceQuality "1"]

{[%evp 23,195,75,66,58,62,57,58,9,12,15,14,7,9,21,18,17,69,71,79,79,80,88,87,88,94,84,84,84,84,84,84,84,90,90,90,90,89,87,89,81,84,79,76,79,86,91,85,79,87,93,89,91,96,96,96,96,133,96,96,96,99,99,98,96,96,91,91,91,91,91,91,91,99,98,98,96,96,81,81,73,88,41,88,88,91,91,92,91,91,91,99,99,104,92,119,119,119,113,119,99,99,99,106,99,106,91,99,99,106,106,99,106,119,119,119,119,119,119,119,119,119,119,119,119,119,119,119,98,98,98,98,98,98,98,98,98,98,98,98,98,98,98,98,0,98,98,98,98,98,98,98,98,98,98,98,98,98,0,0,0,0,0,8,8,8,8,8,0,8,0,8,0,8,0]} 1. Nf3 c5 2. g3 Nc6 3. Bg2 g6 4. c3 Bg7 5. d4 cxd4 6. cxd4 d5 7. Nc3 Nf6 8. Ne5 O-O 9. O-O Nd7 10. Nxd5 Ndxe5 11. dxe5 Nxe5 12. Bg5 Nc6 13. Rc1 {[#] Strongly threatening Rxc6! D79: Fianchetto Grünfeld: Symmetrical Variation (6 0-0 c6 7 cxd5 cxd5).} Be6 14. b3 {[#]} h6 $146 ({Predecessor:} 14... Qa5 15. Qe1 Qxa2 16. Nc7 Rac8 17. Nxe6 fxe6 18. Bxc6 Rxc6 19. Rxc6 bxc6 20. Bxe7 Re8 {½-½ (32) Kopylov,D (2348)-Luczak,F (2240) Lazy 2020}) 15. Nxe7+ {White is slightly better.} Nxe7 16. Qxd8 Rfxd8 17. Bxe7 Rd2 $1 18. Bxb7 Rb8 19. Bf3 Rxa2 ({Black should try} 19... a5 $1 $11) 20. b4 $14 Bf8 21. Bc5 Rd8 22. Kg2 h5 23. Ra1 Rdd2 24. Rxa2 Rxa2 25. Rc1 a5 26. bxa5 Rxa5 27. Bb6 Rb5 28. Be3 Bg7 29. Rd1 Bf6 30. h3 Kg7 31. Rd6 Be5 32. Ra6 Rb2 33. Ra5 Bc3 34. Rc5 Bf6 35. g4 hxg4 36. hxg4 Rb4 37. g5 Bd4 38. Bxd4+ Rxd4 $16 {[%mdl 4096] Endgame KRB-KRB} 39. e3 Rc4 40. Re5 Rc1 41. Be4 Re1 42. Rc5 Kf8 43. Rc7 Rd1 44. Bf3 Ra1 45. Rc5 Ke7 46. Kg3 Kd6 47. Rb5 Bc4 48. Rb6+ Ke7 49. Rb4 Be6 50. Bg2 Ra5 51. f4 Ra3 52. Re4 Kf8 53. Re5 Rb3 54. Bf3 Kg7 55. Bc6 Rc3 56. Bb5 Ra3 57. Kf3 Rb3 58. Rc5 Rb4 59. Bd3 Rb3 60. Bc2 Rb4 61. Ra5 Rb2 62. Be4 Rb4 63. Re5 Rb2 64. Bd3 Rb3 65. Bb5 Rb4 66. Rc5 Kf8 67. Bc6 Rc4 68. Rxc4 Bxc4 {KB-KB} 69. Ke4 Ke7 70. Ke5 Bd3 71. Be4 Be2 72. Bd5 Bd3 73. Kd4 Be2 74. e4 Bd1 75. e5 Ba4 76. Bc4 Bd1 77. Bd3 Bg4 78. Be4 Bh3 79. Ke3 Bc8 80. Kf3 Bd7 81. Kg3 Bc8 82. Bf3 Bf5 83. Bg4 (83. Bd5 $16) 83... Bb1 (83... Bxg4 $1 $11 84. Kxg4 Ke6) 84. Bh3 Bc2 85. Kf2 Bb1 86. Ke3 Bc2 87. Kd4 Bb1 88. Bg4 Bc2 89. Bf3 Ba4 90. f5 (90. Ke3 $16) 90... gxf5 $11 {The position is equal.} 91. Ke3 Kf8 92. Kf4 Bc2 93. Bc6 Kg7 94. Bd7 Kg6 95. Be8 Kg7 96. Bd7 Kg6 97. Be8 {[#] White threatens e6 and mate.} Kg7 98. Bd7 {Accuracy: White = 93%, Black = 93%.} 1/2-1/2

[Event "Chess24 Legends of Chess"]
[Site "Online"]
[Date "2020.07.18"]
[Round "1.1"]
[White "Anand, Viswanathan"]
[Black "Svidler, Peter"]
[Result "1/2-1/2"]
[WhiteElo "2751"]
[BlackElo "2742"]
[Annotator "TA"]
[PlyCount "74"]
[EventDate "2020.07.21"]
[EventType "tourn"]
[SourceTitle "playchess.com"]
[Source "ChessBase"]
[SourceQuality "1"]

{[%evp 11,74,24,20,23,47,0,12,1,6,10,9,12,20,16,22,12,20,0,0,0,0,0,0,0,0,0,0,0,0,0,0,0,0,0,0,0,0,0,0,0,0,0,0,-11,-11,-11,-8,-11,-11,-22,-18,-15,-15,-15,0,0,0,0,0,0,0,0,0,0,0]} 1. d4 Nf6 2. c4 g6 3. Nc3 d5 4. Bg5 Bg7 5. Bxf6 Bxf6 6. cxd5 c6 7. e4 {7.Rc1 is vanishing. D80: Grünfeld: Unusual White 4th moves and 4 Bg5.} Bg7 {[#]} 8. Qd2 $146 ({Predecessor:} 8. dxc6 Nxc6 9. d5 Nd4 10. Nge2 Nxe2 11. Bxe2 Bd7 12. O-O Qb6 13. Qd2 O-O 14. Rfd1 Rfc8 {½-½ (55) Vallejo Pons,F (2698)-Tari,A (2625) chess.com INT 2019}) 8... cxd5 {The position is equal.} 9. exd5 O-O 10. Bc4 a6 11. a4 e6 12. dxe6 Bxe6 13. Bxe6 fxe6 14. Nge2 Nc6 {[%cal Rc6d4]} 15. Rd1 Qb6 16. O-O Rad8 {[%cal Rc6d4]} 17. Qc2 Nxd4 18. Nxd4 Bxd4 19. Rd2 Qc6 20. Ne4 Qxc2 21. Rxc2 Bb6 22. Rc4 Rd4 23. Rxd4 Bxd4 $11 {[%mdl 4096] Endgame KRB-KRN} 24. b3 Rc8 25. Rd1 e5 26. Kf1 Rc2 27. Rd2 Rc1+ 28. Ke2 Rb1 29. Rc2 Rxb3 30. Rc7 h5 31. Rd7 Kf8 32. f3 $1 b5 33. Nf6 bxa4 {[#] And now ...Rb6 would win.} 34. Nh7+ Ke8 (34... Kg8 $5 35. Nf6+ $8 Kf8 36. Nh7+ Kg8 37. Nf6+ Kf8 $11) 35. Nf6+ Kf8 36. Nh7+ Ke8 (36... Kg8 $5 37. Nf6+ $8 Kf8 $11) 37. Nf6+ Kf8 {A rather calm draw. Accuracy: White = 96%, Black = 100%.} 1/2-1/2

[Event "Chess24 Legends of Chess"]
[Site "Online"]
[Date "2020.07.18"]
[Round "1.1"]
[White "Giri, Anish"]
[Black "Carlsen, Magnus"]
[Result "1/2-1/2"]
[WhiteElo "2731"]
[BlackElo "2881"]
[Annotator "TA"]
[PlyCount "74"]
[EventDate "2020.07.21"]
[EventType "tourn"]
[SourceTitle "playchess.com"]
[Source "ChessBase"]
[SourceQuality "1"]

{[%evp 23,74,12,25,28,35,0,0,0,0,-14,-15,-16,0,0,0,0,0,0,0,0,0,0,0,0,0,0,0,0,0,0,0,0,0,0,0,0,0,0,0,0,0,0,0,0,0,0,0,0,0,0,0,0,0]} 1. d4 Nf6 2. c4 e6 3. Nf3 d5 4. Nc3 c6 5. Bg5 Be7 6. e3 Nbd7 7. Bd3 h6 8. Bh4 dxc4 9. Bxc4 b5 10. Bd3 O-O 11. O-O Bb7 12. Rc1 Rc8 13. Qe2 {D66: Queen's Gambit Declined: Classical: Main Line (7 Rc1 c6 8 Bd3).} b4 14. Bxf6 {was the old line (14.Na4).} Nxf6 {The position is equal.} 15. Ne4 c5 16. Nxf6+ Bxf6 17. dxc5 Qa5 18. Nd4 $1 Bd5 {[#]} 19. Bb5 $146 ({Predecessor:} 19. Nb5 Qxa2 20. e4 Bc6 21. Nd6 Rc7 22. e5 Qd5 23. f4 Be7 24. Rfd1 Qd4+ 25. Kh1 {1-0 (25) Jensen,E-Pedersen,E Aarhus 1959}) 19... a6 20. Bxa6 Rxc5 21. Nb3 Bxb3 $1 22. Rxc5 Qxc5 23. axb3 Rd8 24. Rd1 Rxd1+ 25. Qxd1 Bxb2 26. g3 g6 27. Bc4 Bf6 28. Qf3 Kg7 29. h4 h5 30. Kg2 Qc7 (30... Qd6 {is interesting.} 31. Qa8 Qe7 32. Bb5 Bc3 33. Bc4 Qd7) 31. Qe4 (31. Bb5 {is more complex.} Qe7 32. Qa8 Bc3 33. Bc4 Qd7 34. Qe4) 31... Qe5 (31... Bc3 {seems wilder.} 32. Qa8 Qc5 33. Qe4 Qd6 34. Qa8 Qd2) 32. Qxe5 Bxe5 $11 {KB-KB} 33. Bd3 Bc3 34. Bc4 Bb2 35. Bd3 Bc3 36. Bc4 Bb2 37. Bd3 Bc3 {An uneventful encounter. Accuracy: White = 96%, Black = 100%.} 1/2-1/2

[Event "Chess24 Legends of Chess"]
[Site "Online"]
[Date "2020.07.18"]
[Round "1.1"]
[White "Leko, Peter"]
[Black "Ivanchuk, Vasyl"]
[Result "1/2-1/2"]
[WhiteElo "2710"]
[BlackElo "2686"]
[Annotator "TA"]
[PlyCount "97"]
[EventDate "2020.07.21"]
[EventType "tourn"]
[SourceTitle "playchess.com"]
[Source "ChessBase"]
[SourceQuality "1"]

{[%evp 15,97,87,34,35,58,33,65,56,71,36,36,25,19,19,45,33,54,27,51,37,40,20,24,21,25,16,24,20,27,22,27,11,14,12,25,18,16,0,0,0,0,0,0,0,0,0,0,0,0,0,0,0,0,-8,-8,-8,-8,-8,-8,-8,-8,-8,-8,-8,-8,-8,-8,-8,-8,-8,-8,-8,-8,-8,-8,-8,-8,-8,0,-8,0,-8,0,-9]} 1. d4 d5 2. c4 dxc4 3. Nf3 Nf6 4. e3 e6 5. Bxc4 c5 6. O-O a6 7. dxc5 Bxc5 $1 {[%mdl 4] is currently scoring better than 7...Qxd1. Played by Alireza Firouzja in June 2020.} 8. Qxd8+ Kxd8 9. Be2 {D27: Queen's Gambit Accepted: Classical main line: 7 e4!? and 7 a4.} Nbd7 10. Nc3 {[#]} Ke8 $146 ({Predecessor:} 10... b5 11. Nd4 Bb7 12. Nb3 Ke7 13. Nxc5 Nxc5 14. b4 Nce4 15. Nxe4 Nxe4 16. Bb2 Rac8 {½-½ (26) Netolitzky,G (2263)-Rognes,O (2222) ICCF email 2008}) 11. Nd2 {White is slightly better.} Be7 12. Nb3 b6 13. e4 Bb7 14. f3 Bd6 15. Be3 Ke7 16. Na4 Bc7 17. Rac1 Rhc8 18. Rc3 Bd8 19. Rfc1 Rxc3 20. Rxc3 Rc8 21. Rxc8 Bxc8 22. Kf2 Bb7 23. g4 h6 24. h4 Bc7 25. a3 Ne8 {The position is equal.} 26. g5 hxg5 27. hxg5 Nd6 28. Bf1 f5 29. gxf6+ gxf6 30. Nd2 f5 31. e5 Nxe5 32. Bxb6 Bxb6+ 33. Nxb6 f4 34. Na4 a5 35. Nc5 Bd5 36. Be2 Nc6 37. Nb1 e5 38. Nc3 Bf7 39. Bd3 Nd4 40. b4 axb4 41. axb4 Bc4 42. Bxc4 Nxc4 $11 {[%mdl 4096] Endgame KNN-KNN} 43. Nd3 Kd6 44. Ne4+ Kc6 45. Nc3 Kb6 46. Nd5+ Kc6 47. Nc3 Kb6 48. Nd5+ Kc6 49. Nc3 {Accuracy: White = 91%, Black = 97%.} 1/2-1/2

[Event "Chess24 Legends of Chess"]
[Site "Online"]
[Date "2020.07.18"]
[Round "1.1"]
[White "Gelfand, Boris"]
[Black "Ding, Liren"]
[Result "1/2-1/2"]
[WhiteElo "2702"]
[BlackElo "2836"]
[Annotator "TA"]
[PlyCount "85"]
[EventDate "2020.07.21"]
[EventType "tourn"]
[SourceTitle "playchess.com"]
[Source "ChessBase"]
[SourceQuality "1"]

{[%evp 15,85,0,17,10,12,12,14,19,17,25,24,17,35,31,29,37,37,20,14,4,6,9,19,0,0,-10,25,33,18,6,6,6,6,6,12,8,6,9,15,6,20,6,6,6,6,6,6,6,11,5,8,0,5,0,15,11,15,8,8,11,20,10,29,29,26,-1,-1,-3,0,0,0,-5]} 1. d4 Nf6 2. c4 e6 3. Nf3 d5 4. g3 Bb4+ 5. Bd2 Be7 6. Bg2 O-O 7. O-O c6 8. Qc2 Nbd7 9. Rc1 {E11: Bogo-Indian.} h6 10. a3 a5 11. e3 Re8 {[#]} 12. Be1 $146 ({Predecessor:} 12. b3 a4 13. b4 Ne4 14. c5 Bf6 15. Nc3 e5 16. Nxe4 dxe4 17. Nxe5 Nxe5 18. dxe5 Bxe5 {½-½ (70) Ding,L (2811)-Alekseenko,K (2671) Khanty-Mansiysk 2019}) 12... Bf8 13. Nbd2 b5 14. cxb5 cxb5 15. Bf1 Ba6 16. Nb3 a4 17. Na5 Qb6 18. Qd1 Rec8 19. Rxc8 Rxc8 20. Rc1 Ne4 {Threatening ...Rxc1.} 21. Rxc8 Bxc8 22. Qc2 Nd6 23. Nc6 {[%cal Ba5c6,Bc6b4,Bb4d3,Bd3c5][%mdl 32]} Nc4 24. Nb4 Nf6 25. Nd3 Bd6 26. Bb4 Bc7 27. Nfe5 Nd7 28. Nxd7 Bxd7 29. Nc5 Be8 30. Bg2 Bd6 31. Nd3 Bb8 32. Qc3 Qd8 33. Nc5 Bc6 34. Na6 Bc7 35. Nxc7 Qxc7 36. b3 axb3 37. Qxb3 Qa7 38. Bf1 Qa4 (38... f6 {seems wilder.} 39. Be2 Be8 40. Qb1 Qa4 41. Qd3 Nb2) 39. Qxa4 bxa4 40. Bxc4 dxc4 {The position is equal.} 41. Kf1 Kh7 42. Ke2 g5 43. Kd2 {Accuracy: White = 96%, Black = 96%.} 1/2-1/2

[Event "Chess24 Legends of Chess"]
[Site "Online"]
[Date "2020.07.18"]
[Round "1.2"]
[White "Carlsen, Magnus"]
[Black "Giri, Anish"]
[Result "1-0"]
[WhiteElo "2881"]
[BlackElo "2731"]
[Annotator "TA"]
[PlyCount "67"]
[EventDate "2020.07.21"]
[EventType "tourn"]
[SourceTitle "playchess.com"]
[Source "ChessBase"]
[SourceQuality "1"]

{[%evp 9,67,19,44,2,1,-35,2,-15,10,-8,-1,-6,22,33,58,80,105,96,104,48,43,56,174,165,210,189,152,166,214,224,202,216,206,123,215,210,265,259,29996,247,448,166,1187,299,287,278,271,266,379,370,411,400,767,760,744,741,649,552,547,528]} 1. d4 Nf6 2. c4 e6 3. Nf3 d5 4. Nc3 Bb4 5. Bg5 (5. cxd5 exd5 6. Bf4 Ne4 7. Rc1 Nc6 8. Nd2 g5 9. Be3 Nxc3 10. bxc3 Ba3 11. Rb1 f5 12. g3 Bd6 13. Rg1 O-O {0-1 (33) Carlsen,M (2863)-Giri,A (2764) chess24.com INT 2020}) 5... h6 6. Bd2 {D38: Queen's Gambit Declined: Ragozin Defence (4 Nf3 Bb4).} O-O {[#]} 7. g4 $146 ({Predecessor:} 7. e3 b6 8. Be2 Bb7 9. O-O Bd6 10. cxd5 exd5 11. Nb5 Be7 12. Rc1 c6 13. Nc3 Bd6 {0-1 (44) Gilevich,A (2362)-Rambaldi,F (2444) Bratto 2014}) 7... Bxc3 8. Bxc3 {The position is equal.} Ne4 9. Qc2 c5 10. dxc5 b6 11. g5 hxg5 12. h4 $1 g4 {[#]} 13. Ng5 $1 {[%cal Rg5e4][%mdl 512]} f5 (13... Nxg5 14. hxg5) 14. Bg2 (14. O-O-O $16) 14... bxc5 $14 15. O-O-O {Black must now prevent cxd5.} Nxg5 {Black is on the road to losing.} (15... Nc6 $1 $14) 16. hxg5 $18 (16. cxd5 Ne4 $1 $11 {[%mdl 512]}) 16... Qxg5+ 17. Kb1 Nd7 18. cxd5 Nb6 19. dxe6 Bxe6 20. Bxa8 Rxa8 21. Qd2 ({White should try} 21. Ka1 $18) 21... Qg6 (21... Qxd2 $16 22. Rxd2 (22. Bxd2 Rc8 $16) 22... Re8) 22. Qd6 f4+ 23. Ka1 {aiming for Rh4.} Rf8 $2 {[#]} (23... Re8 $18 24. Qxf4 Nd5) 24. Qe5 $2 (24. Rh8+ $1 {[%mdl 512] mates} Kxh8 25. Qxf8+ Bg8 26. Rh1+ Qh7 27. Bxg7#) 24... g3 $2 (24... Na4 25. Ba5 Qf6 26. Qxf6 {[%mdl 64] Overworked Piece} Rxf6 27. Rd8+ Kf7) 25. fxg3 $2 (25. Rh5 {Strongly threatening Rg5.} Nd7 {[#]} 26. Rxd7 $1 {[%mdl 512]} Bxd7 27. Rg5 {[%mdl 64] Double Attack} gxf2 28. Qxg7+ {[%mdl 64] X-Ray Attack} (28. Rxg6 $2 {gets mated.} f1=Q+ 29. Be1 Qxe1#) 28... Qxg7 29. Rxg7+ Kh8 30. Rxd7+ {[%mdl 64] Discovered Attack} Kg8 31. Rg7+ Kh8 32. Rg2+ Kh7 33. Rxf2) 25... Nc4 $2 (25... fxg3 26. Rdg1 (26. Qxc5 g2 $16) 26... g2) 26. Qh5 $2 (26. Qxc5 {Rh8+! would kill now.} Rc8 27. Qe7) 26... Qxh5 27. Rxh5 Ne3 28. Rg1 {Hoping for gxf4.} Bf5 (28... Rf5 $142) 29. b3 fxg3 30. Rxg3 {[%csl Gc3][%cal Rg3g7][%mdl 64] Double Attack} Bg4 (30... Nc2+ $142 31. Kb2 Nd4) 31. Rxc5 {White is clearly winning.} ({Not} 31. Rxe3 Bxh5 32. Re5 g6 $14) 31... Rf1+ 32. Kb2 Nd1+ 33. Ka3 Nxc3 34. Rxg4 {Accuracy: White = 54%, Black = 27%.} 1-0

[Event "Chess24 Legends of Chess"]
[Site "Online"]
[Date "2020.07.18"]
[Round "1.2"]
[White "Ding, Liren"]
[Black "Gelfand, Boris"]
[Result "0-1"]
[WhiteElo "2836"]
[BlackElo "2702"]
[Annotator "TA"]
[PlyCount "124"]
[EventDate "2020.07.21"]
[EventType "tourn"]
[SourceTitle "playchess.com"]
[Source "ChessBase"]
[SourceQuality "1"]

{[%evp 19,124,16,16,17,6,0,22,-18,0,-7,0,0,0,0,0,-43,-8,-14,0,-5,-12,-9,-11,-43,-35,-37,-33,-45,-43,-76,-64,-72,-86,-196,-197,-265,-267,-260,-273,-347,-224,-234,-185,-132,0,-145,-30,-175,-175,-175,-175,-175,-175,-427,-427,-402,-409,-427,-427,-466,-461,-554,-554,-1709,-1524,-12832,-12833,-12831,-12834,-12834,-12834,-12833,-12833,-12833,-12835,-12841,-12836,-12839,-12838,-12838,-12838,-12838,-12838,-12838,-12839,-12839,-12839,-12841,-12841,-12841,-12842,-12841,-12842,-12844,-12843,-12845,-12844,-12847,-12847,-12849,-12848,-12850,-12850,-12850,-12850,-12851,-27999]} 1. d4 Nf6 2. c4 e6 3. Nc3 Bb4 4. e3 O-O 5. Bd3 c5 6. Nge2 d5 7. cxd5 cxd4 8. exd4 Nxd5 9. O-O Nc6 10. a3 Bd6 11. Re1 {E48: Nimzo-Indian: Rubinstein: 5 Bd3 d5 including 6 Ne2, but excluding 6 a3.} Re8 12. Bc2 {[#]} Bf8 $146 ({Predecessor:} 12... Nxc3 13. bxc3 b6 14. Qd3 g6 15. Ng3 Bb7 16. Ne4 Be7 17. Qg3 Na5 18. Ba4 Bh4 {½-½ (49) Tudor,V (2279)-Legemaat,G (2380) ICCF email 2015}) 13. Qd3 {[%csl Gc2][%cal Rd3h7] The position is equal.} g6 14. Qg3 Bg7 15. Bg5 Qb6 16. Be4 Nce7 17. h4 Bd7 18. h5 Bc6 19. h6 Bh8 ({But not} 19... Bxd4 $6 20. Nxd4 Qxd4 21. Rad1 $16) 20. Qh4 f6 $36 {[%mdl 2048] White is under pressure.} 21. Bxd5 Nf5 22. Qh3 {Threatens to win with Bxc6.} exd5 23. Bf4 Nxd4 24. Be3 Nxe2+ 25. Nxe2 Qxb2 {White must now prevent ...f5.} 26. Nd4 (26. Bd4 $17 Qc2 27. Bc3) 26... f5 $19 27. Rab1 (27. Nxc6 {was necessary.} bxc6 28. Rac1) 27... Qxa3 ({Less strong is} 27... Bxd4 28. Rxb2 Bxb2 29. Bd2 $15) 28. Nxc6 bxc6 29. Qf3 Re7 30. Rec1 Qd3 31. Qf4 Qe4 (31... Be5 $17 32. Qa4 Re6) 32. Qd6 (32. Rb8+ $1 $11 {was the only way to keep the balance.} Re8 33. Rxa8 Rxa8 34. Qd6) 32... Qe6 (32... Rae8 $17 {...d4 is the strong threat.} 33. Rb8 d4 34. Rxe8+ Rxe8) 33. Rxc6 {[#] This costs White the game.} (33. Rb8+ $1 $11 Rxb8 34. Qxb8+ Re8 35. Qxa7) 33... Qxd6 $1 34. Rxd6 a5 35. Rxd5 {[#]} a4 $1 36. Bc5 $2 (36. Rd3) 36... Re5 37. Rxe5 Bxe5 {[%mdl 4096] Endgame KRB-KRB} 38. Ba3 Bf4 {Black is clearly winning.} 39. Rb7 {intending Rg7+.} Bxh6 40. Kf1 Bf8 41. Bxf8 Kxf8 42. Rxh7 {KR-KR} Ra6 43. Ke2 a3 {[%cal Ba4a3,Ba3a2][%mdl 32]} 44. Rh1 Ke7 45. Kd2 Kf6 46. Kc2 a2 47. Kb2 Ke5 48. Ka1 g5 49. Re1+ Kd4 50. Rd1+ Ke4 51. Re1+ Kf4 52. Re3 Ra5 53. Rf3+ Ke4 54. Re3+ Kd4 55. Re8 Kd3 56. f3 f4 57. Re4 Rc5 58. g3 fxg3 59. Rg4 Ke3 60. Rxg3 Kf4 61. Rh3 Rc3 62. Kxa2 {[#]} g4 $1 {[%mdl 512] Accuracy: White = 59%, Black = 81%.} 0-1

[Event "Chess24 Legends of Chess"]
[Site "Online"]
[Date "2020.07.18"]
[Round "1.2"]
[White "Nepomniachtchi, Ian"]
[Black "Kramnik, Vladimir"]
[Result "0-1"]
[WhiteElo "2778"]
[BlackElo "2756"]
[Annotator "TA"]
[PlyCount "72"]
[EventDate "2020.07.21"]
[EventType "tourn"]
[SourceTitle "playchess.com"]
[Source "ChessBase"]
[SourceQuality "1"]

{[%evp 9,72,16,39,-35,20,-37,-31,-21,-29,-31,-32,-43,-31,-45,-37,-24,-26,-38,-6,-50,-13,-34,0,0,0,0,0,0,0,0,0,0,0,0,0,-206,-210,-216,86,-212,-216,-227,-212,-208,-191,-231,-154,-156,-88,-254,-202,-274,-256,-333,-300,-371,-365,-345,-295,-289,-278,-356,-350,-1082,-997]} 1. d4 Nf6 2. c4 e6 3. Nf3 d5 4. Nc3 Nbd7 5. Qc2 dxc4 6. Bg5 {D37: Queen's Gambit Declined: 5 Bf4.} (6. e4 $14) 6... h6 ({Black should play} 6... a6 $15) 7. Bh4 (7. Bxf6 $1 $11 Qxf6 8. e3) 7... Bb4 8. e3 {Black is slightly better.} b5 {[#]} 9. a4 $146 ({Predecessor:} 9. Be2 c6 10. O-O O-O 11. Ne5 Qb6 12. Bxf6 Nxf6 13. Bf3 Bb7 14. Ne4 Nxe4 15. Qxe4 {1-0 (22) Gomez Guardo,L (1768)-Henao Ortiz,C (1747) Medellin 2015}) 9... c6 10. Be2 Bb7 11. O-O Qb6 12. Ne5 Nxe5 13. dxe5 Nd7 14. Ne4 Nxe5 {[#]} 15. a5 $1 {[%mdl 512]} Qc7 {And now ...a6 would win.} (15... Bxa5 16. Nd6+) 16. a6 Bc8 17. Bg3 O-O $1 {Hoping for ...f5.} 18. b3 $1 {[%cal Rb3c4]} f5 19. Qb2 fxe4 20. Bxe5 c3 21. Bxc3 Bd6 $36 {[%mdl 2048] ...b4 is the strong threat. Black is more active.} 22. h3 $2 (22. Qc2 $11) 22... b4 $1 $19 {[%cal Rb4c3]} 23. Bd2 {[#]} Bh2+ $1 24. Kh1 {aiming for g3.} Be5 {[%mdl 64] Skewer} 25. Qc2 Bxa1 26. Rxa1 {[#]} Qe5 $1 {[%cal Re5a1]} ({Resist} 26... Rxf2 27. Be1 $17) 27. Rf1 c5 28. Bc1 Qd6 (28... Rb8 $142 {White must now prevent ...Qc3.} 29. Bb2 Qd5) 29. Qc4 $2 (29. Qxe4 $17 Qd5 30. Qc2) 29... Bd7 30. Rd1 Qc6 31. Kg1 Rad8 32. Bb2 Bc8 {Strongly threatening ...Bxa6!} 33. Ra1 Rd2 34. Bc1 Rd5 35. Ra2 Qd6 36. Rc2 $2 {[#]} (36. Qc2) 36... Bxa6 $1 {Accuracy: White = 53%, Black = 74%.} 0-1

[Event "Chess24 Legends of Chess"]
[Site "Online"]
[Date "2020.07.18"]
[Round "1.2"]
[White "Svidler, Peter"]
[Black "Anand, Viswanathan"]
[Result "1/2-1/2"]
[WhiteElo "2742"]
[BlackElo "2751"]
[Annotator "TA"]
[PlyCount "126"]
[EventDate "2020.07.21"]
[EventType "tourn"]
[SourceTitle "playchess.com"]
[Source "ChessBase"]
[SourceQuality "1"]

{[%evp 15,126,19,13,0,15,0,3,0,27,0,7,0,0,0,0,13,13,8,13,8,14,15,10,10,15,5,21,18,27,14,44,42,61,43,55,31,25,11,25,0,54,46,46,61,39,0,2,0,27,28,33,35,51,44,98,93,98,98,148,144,181,206,183,149,272,264,264,171,184,111,111,111,111,111,111,111,1060,794,1916,1531,1897,1725,1682,989,476,0,0,0,0,0,0,0,0,0,0,0,0,0,0,0,0,0,0,0,0,0,0,0,0,0,0,0,0]} 1. Nf3 d5 2. g3 c5 3. Bg2 Nf6 4. O-O g6 5. d4 cxd4 6. Nxd4 Bg7 7. c4 O-O 8. cxd5 Nxd5 9. Nb3 {D73: Fianchetto Grünfeld: 5 Nf3 .} e6 10. h4 {[#]} Nc6 $146 ({Predecessor:} 10... h6 11. Nc3 Nxc3 12. bxc3 Qc7 13. Ba3 Rd8 14. Qc2 Bd7 15. Rad1 Bc6 16. Rxd8+ Qxd8 {½-½ (41) Tukmakov,V (2560)-Sideif Sade,F (2320) Tashkent 1980}) 11. Bg5 Qc7 12. Qd2 (12. e4 $5 {[%cal Re4d5]} Nde7 13. Qc1 $11) 12... a5 13. Bh6 Bxh6 14. Qxh6 a4 15. N3d2 Nd4 16. Nf3 Nxf3+ 17. Bxf3 Bd7 18. Nd2 {[%cal Bb1d2,Bd2c4,Bc4e5][%mdl 32]} Bc6 19. a3 Rfd8 20. Rac1 Qe5 21. Nc4 Qf6 22. Rfd1 Rac8 23. Qg5 Kg7 24. Ne5 Be8 25. Rxc8 Rxc8 26. Bxd5 exd5 27. Qe3 Bc6 (27... Qe6 $11) 28. Ng4 $14 Qe6 29. Qd4+ f6 30. Rd3 Bd7 $132 {[%mdl 2048] Black is not keeping still} 31. f3 Rc4 (31... Bb5 {feels hotter.} 32. Qxd5 Rc1+ 33. Kf2 Qb6+ 34. Re3 h5) 32. Qxd5 Qxd5 33. Rxd5 Bxg4 34. fxg4 Rxg4 $11 {[%mdl 4096] Endgame KR-KR} (34... Rc2 $14) 35. Kf2 Rc4 36. Rd7+ Kh6 37. Rxb7 Rc1 38. Rb4 Rb1 39. g4 f5 (39... Kg7 $16 40. Rxa4 Rxb2 41. Ra7+ Kh6) 40. gxf5 $18 (40. Rxa4 fxg4 41. Rxg4 Rxb2 $16) 40... gxf5 41. Ke3 ({Don't take} 41. Rxa4 $6 Rxb2 42. Ra7 Rb3 $16) 41... Kh5 42. Rxa4 (42. Kf4 $18) 42... Rxb2 $16 43. Rb4 Ra2 44. a4 h6 45. Kf4 Kg6 $2 {[%mdl 8192]} (45... Rc2 $16 46. e4 (46. Kxf5 Rc4 $16) 46... fxe4) 46. e3 $18 Ra3 47. Rb6+ Kh5 48. Ra6 Rb3 49. Rd6 Ra3 {[#]} 50. Kxf5 $2 (50. Rd4 $1 $18 {Hoping for Ke5.} Ra2 51. Ke5 (51. Kxf5 Rxa4 52. Rf4 Ra5+ 53. Ke6 Ra6+ 54. Ke7 Kg6 $16)) 50... Rxa4 $11 {The position is equal.} 51. e4 {And now e5 would win.} Ra1 52. e5 {Threatens to win with Rd4.} Rf1+ 53. Ke4 Kxh4 54. Rxh6+ Kg5 55. Ra6 (55. Rc6 {keeps more tension.}) 55... Rb1 56. Rf6 Ra1 57. Rf2 {[#] Black must now prevent Rg2+.} Ra4+ 58. Kd5 Ra5+ 59. Kd6 Ra6+ 60. Kc7 Re6 61. Re2 {aiming for Kd7.} Kf5 62. Kd7 {Intending Rf2+ and mate.} Rxe5 63. Rxe5+ Kxe5 {White really could win this. Accuracy: White = 82%, Black = 69%.} 1/2-1/2